000 00667nam a2200229Ia 4500
003 OSt
005 20220927104354.0
006 a|||||r|||| 00| 0
007 ta
008 220926b |||||||| |||| 00| 0 eng d
024 _a148207
037 _cReference Collections
040 _aRTL
_cRTL
_beng
041 _2eng
_aeng
082 _a"A.2.w, CSIR, K0.1/GD"
110 _a"INDIA, LOK SABHA, ESTIMATES (Committee)"
_9365313
245 0 _a76 Report
260 _c1960
700 _a"INDIA, LOK SABHA, ESTIMATES (Committee)"
_9365314
942 _h"A.2.w, CSIR, K0.1/GD"
_cCC
999 _c687007
_d687007